000 00369nam a2200145Ia 4500
008 230711s9999||||xx |||||||||||||| ||und||
041 _aENG
082 _a4
_bGO-C
100 _aGottfried,Byron
245 0 _aSchaum's Outline of Programming with C
250 _a2nd . Ed.
260 _c1999
_aNew Delhi
_bBPB Publications
650 _aComputer Engineering
942 _cBK
999 _c3847
_d3847